|
|
|
|
| LEADER |
00000nab a2200000 a 4500 |
| 001 |
vtls000778018 |
| 003 |
SK-MaSNL |
| 005 |
20260304113741.0 |
| 008 |
250429c2001 xo 0 slo |
| 015 |
|
|
|a SNBRB2001/12-36328
|
| 035 |
|
|
|a CLN000129799
|
| 035 |
|
|
|a urn:nbn:sk:snk-abn0w
|
| 035 |
|
|
|a (urnnbn)urn:nbn:sk:snk:ar-003nky
|
| 035 |
|
|
|a (uuid)4ed36843-31f8-40db-8657-958e77f422d3
|
| 040 |
|
|
|a SNKBUCL
|b slo
|c SNKBUCL
|e AACR2
|
| 041 |
0 |
|
|a slo
|
| 044 |
|
|
|a xo
|c SK
|
| 080 |
|
|
|a 342.7:347.91
|2 1997
|
| 080 |
|
|
|a 347.91
|2 1997
|
| 100 |
1 |
|
|a Svák, Ján
|4 aut
|9 267778
|
| 245 |
1 |
0 |
|a Sloboda prejavu pri informovaní o priebehu súdneho konania
|c Ján Svák, Alexandra Kapišovská
|
| 504 |
|
|
|a Bibliogr. odkazy
|
| 650 |
0 |
7 |
|a sloboda prejavu
|x konanie súdne
|2 snkbucl
|9 1417488
|
| 650 |
0 |
7 |
|a konanie súdne
|2 snkbucl
|9 955673
|
| 655 |
|
7 |
|a články z novín a časopisov
|2 snkbucl
|9 267496
|
| 700 |
1 |
|
|a Kapišovská, Alexandra
|4 aut
|9 1127102
|
| 773 |
0 |
|
|t Justičná revue
|g Roč. 53, č. 11 (2001), s. 1224-1238
|
| 850 |
|
|
|a Slovenská národná knižnica
|
| 852 |
|
|
|a Slovenská národná knižnica
|
| 954 |
|
|
|a odborná, vedecká literatúra pôvodná (slovenská)
|2 lita
|
| 958 |
|
|
|a article27
|
| 958 |
|
|
|a OND
|
| 958 |
|
|
|a NB
|
| 958 |
|
|
|a EUIPO
|
| 992 |
|
|
|a RBX
|
| 999 |
|
|
|c 2870635
|d 2872565
|